LEADER 01190nam0-2200373li-450- 001 990000252920203316 005 20090604102228.0 035 $a0025292 035 $aUSA010025292 035 $a(ALEPH)000025292USA01 035 $a0025292 100 $a19940506d1951----km-y0itay50------ba20001109---------km-y0itay0103----ba 105 $a||||||||001yy 200 1 $aFunzioni ellittiche$fFrancesco Tricomi 205 $aseconda edizione 210 $aBologna$cZanichelli$d1951 215 $aIX, 343 p.$cill.$d23 cm 225 2 $aMonografie di matematica applicata 410 0$12001$aMonografie di matematica applicata 606 0 $aFunzioni ellittiche 676 $a515.9 700 1$aTRICOMI,$bFrancesco Giacomo$028676 801 0$aSistema bibliotecario di Ateneo dell' Università di Salerno$bsalbc$gRICA 912 $a990000252920203316 951 $a515.9 TRI$b7258/cbs$c515.9$d00222085 959 $aBK 969 $aSCI 979 $c19940506 979 $c20001110$lUSA01$h1715 979 $c20020403$lUSA01$h1633 979 $aPATRY$b90$c20040406$lUSA01$h1618 979 $aRSIAV7$b90$c20090604$lUSA01$h1022 996 $aFunzioni ellittiche$9328426 997 $aUNISA LEADER 02244oam 2200553zu 450 001 9910131759103321 005 20210807004835.0 010 $a2-8218-2805-5 010 $a2-8218-1943-9 024 7 $a10.4000/books.cemca.610 035 $a(CKB)3460000000122300 035 $a(SSID)ssj0001538087 035 $a(PQKBManifestationID)11922106 035 $a(PQKBTitleCode)TC0001538087 035 $a(PQKBWorkID)11525853 035 $a(PQKB)11307080 035 $a(WaSeSS)IndRDA00045196 035 $a(FrMaCLE)OB-cemca-610 035 $a(oapen)https://directory.doabooks.org/handle/20.500.12854/49448 035 $a(PPN)182833801 035 $a(oapen)doab49448 035 $a(EXLCZ)993460000000122300 100 $a20160829d2000 uy 101 0 $aspa 135 $aur||||||||||| 181 $ctxt 182 $cc 183 $acr 200 00$aHistoriografía francesa : corrientes temat?icas y metodológicas recientes 210 $cCentro de estudios mexicanos y centroamericanos$d2000 210 31$a[Place of publication not identified]$cCentro de Estudios Mexicanos y Centroamericanos$d2000 215 $a1 online resource (375 pages) 300 $aBibliographic Level Mode of Issuance: Monograph 311 08$a968-6029-60-5 330 $aEnsayos de historiadores franceses que exploran nuevas corrientes temáticas, reflexionan acerca de la historiografía crítica y abren nuevas fuentes y preguntas, en un intento por restablecer la cadena pasado-presente que observe los cambios, las permanencias y las diferentes reacciones de los individuos frente a un mismo asunto, ya sea de religión, vestido, libro, ciudad, arte de gobernar, producción de artefactos, etc. 606 $aHistory & Archaeology$2HILCC 606 $aHistory - General$2HILCC 610 $ahistoriografía 610 $aFrancia 615 7$aHistory & Archaeology 615 7$aHistory - General 700 $aHira de Gortari$b Guillermo Zermeño (dir.)$4auth$01355058 702 $aZermeño P$b Guillermo 702 $aGortari$b Hira de 801 0$bPQKB 906 $aBOOK 912 $a9910131759103321 996 $aHistoriografía francesa : corrientes temat?icas y metodológicas recientes$93359098 997 $aUNINA LEADER 02409nas 2200577 c 450 001 9910895270503321 005 20260218111610.0 024 7 $aurn:nbn:de:hbz:6:1-63950 035 $a(CKB)3790000000122277 035 $a(DE-599)ZDB2706201-6 035 $a(OCoLC)835322533 035 $a(DE-101)1031905103 035 $a(DE-599)2706201-6 035 $a(EXLCZ)993790000000122277 100 $a20130304b18881888 |y | 101 0 $ager 135 $aur||||||||||| 181 $ctxt$2rdacontent 182 $cc$2rdamedia 183 $acr$2rdacarrier 200 00$a7 neue Lieder gedichtet zum ... Stiftungsfeste des Westfälischen Vereins für Vogelschutz, Geflügel- und Singvögelzucht anläßlich des Historischen Gänseessens im großen Saale des Zoologischen Gartens 210 31$aMu?nster$cKrick$d1888-1888 215 $aOnline-Ressource 300 $aGesehen am 04.03.13 517 3 $aProgramm der Festfeier. ˜1888œ 517 3 $a[Sieben] neue Lieder gedichtet zum ... Stiftungsfeste des Westfa?lischen Vereins fu?r Vogelschutz, Geflu?gel- und Singvo?gelzucht anla?ßlich des Historischen Ga?nseessens im großen Saale des Zoologischen Gartens 606 $aDeutsch$3(DE-588)4113292-0$3https://d-nb.info/gnd/4113292-0$3(DE-101)041132920$2gnd 606 $aGelegenheitsgedicht$3(DE-588)4128813-0$3https://d-nb.info/gnd/4128813-0$3(DE-101)041288130$2gnd 606 $aJubiläum$3(DE-588)4129003-3$3https://d-nb.info/gnd/4129003-3$3(DE-101)041290038$2gnd 607 $aDeutschland$2gnd 608 $aZeitschrift$2gnd-content 608 $aAnthologie$2gnd-content 608 $aVerzeichnis$2gnd-content 608 $aAnthologie$2gnd 608 $aOnline-Publikation$2gnd 608 $aVerzeichnis$2gnd 608 $aZeitschrift$2gnd 608 $aOnline-Publikation$2gnd 615 7$aDeutsch. 615 7$aGelegenheitsgedicht. 615 7$aJubiläum. 676 $a390 676 $a590 712 02$aWestfa?lischer Verein fu?r Vogelschutz, Geflu?gel- und Singvo?gelzucht$4isb 801 0$b0006 801 1$bDE-101 801 2$b0292 906 $aJOURNAL 912 $a9910895270503321 996 $a7 neue Lieder gedichtet zum ... Stiftungsfeste des Westfa?lischen Vereins fu?r Vogelschutz, Geflu?gel- und Singvo?gelzucht anla?ßlich des Historischen Ga?nseessens im großen Saale des Zoologischen Gartens$94266642 997 $aUNINA